Guess the Footballers by their Teams - Picture Edition #4 - Statistics

General Stats
  • This quiz has been taken 154 times
  • The average score is 11 of 15
Answer Stats
Picture Answer % Correct
Sergio Ramos
100%
Virgil van Dijk
91%
Jude Bellingham
88%
David Luiz
86%
Mario Mandžukić
78%
Franz Beckenbauer
77%
Patrick Vieira
77%
Deco
74%
Eric Cantona
73%
Ronald Koeman
73%
Claude Makélélé
69%
Nemanja Matić
69%
Andy Carroll
67%
Jonny Evans
61%
Robbie Keane
59%
No matching quizzes found
Score Distribution
Percent of People with Each Score
Percentile by Number Answered
Your Score History
You have not taken this quiz